000 01091nam a2200313 i 4500
003 DO-SdBNP
005 20240822100402.0
007 ta
008 240822b2024 dr ac||| |||| 00| 0 spa d
020 _a9789945928044
040 _aDO-SdBNP
_bspa
_cBNPHU
_erda
082 4 _222
100 1 _aCortés Robles, Agustín,
_d1957-
_979737
_eautor
245 1 3 _aEl discurso político para edificar la nación /
_cAgustín Cortés Robles ; prólogo, Ramón Diloné
250 _aSegunda edición
264 _aSanto Domingo :
_bPresidencia de la República Dominicana,
_c2024.
300 _a777 páginas :
_bilustraciones, retratos ;
_c26 cm.
336 _2rdacontent
_atexto
_btxt
337 _2rdamedia
_asin mediación
_bn
338 _2rdacarrier
_avolumen
_bnc
490 _aHistoria del Siglo XX
_v1
500 _aIncluye datos biográficos del autor en las solapas
500 _aGeneración 1962-2020
504 _aBibliografía : páginas 771-777
590 _aInventariado, 2024/BT
700 1 _aDiloné, Ramón
_eprólogo
_975122
910 _aBtavárez
942 _2ddc
_cLBS1
999 _c57524
_d57524